Central Library || Chittagong University

Tibet : (Record no. 112361)

MARC details
000 -LEADER
fixed length control field 00470nam a22001697a 4500
003 - CONTROL NUMBER IDENTIFIER
control field BD-ChCU
005 - DATE AND TIME OF LATEST TRANSACTION
control field 20260423091023.0
008 - FIXED-LENGTH DATA ELEMENTS--GENERAL INFORMATION
fixed length control field 260423b bg ||||| |||| 00| 0 ben d
040 ## - CATALOGING SOURCE
Transcribing agency BD-ChCU
082 ## - DEWEY DECIMAL CLASSIFICATION NUMBER
Classification number REF 915.15 TIB
100 ## - MAIN ENTRY--PERSONAL NAME
Personal name Manshih , Yanfan
9 (RLIN) 21799
245 ## - TITLE STATEMENT
Title Tibet :
Remainder of title A disaant horizon ./
Statement of responsibility, etc. Yanfan , Manshih .
260 ## - PUBLICATION, DISTRIBUTION, ETC.
Place of publication, distribution, etc. New Delhi :
Name of publisher, distributor, etc. Vikas ,
Date of publication, distribution, etc. C 1981
300 ## - PHYSICAL DESCRIPTION
Extent 208p.
650 #0 - SUBJECT ADDED ENTRY--TOPICAL TERM
Topical term or geographic name entry element Tibet - Description and Travel .
9 (RLIN) 21800
942 ## - ADDED ENTRY ELEMENTS (KOHA)
Source of classification or shelving scheme Dewey Decimal Classification
Koha item type Books
Suppress in OPAC No
Holdings
Withdrawn status Lost status Source of classification or shelving scheme Damaged status Not for loan Home library Current library Shelving location Date acquired Source of acquisition Total Checkouts Full call number Barcode Date last seen Copy number Price effective from Koha item type
    Dewey Decimal Classification     Chittagong University Library Chittagong University Library Reference 04/23/2026 Purchase   REF 915.15 TIB 112262 04/23/2026 C-1 04/23/2026 Books
    Dewey Decimal Classification     Chittagong University Library Chittagong University Library Reference 04/23/2026 Purchase   REF 915.15 TIB 112263 04/23/2026 C-2 04/23/2026 Books
    Dewey Decimal Classification     Chittagong University Library Chittagong University Library Reference 04/23/2026 Purchase   REF 915.15 TIB 112264 04/23/2026 C-3 04/23/2026 Books
© Copyright 2026. Chittagong University Library, Installation and Maintenance by Prof. Dr. Md. Alamgir, 01711306253